000
00310cam a2200133ua 4500
041
_a
eng
_h
100
_a
Agarwal, B.K .
245
_a
Healthcare and Management of Milk Animal
260
_a
India :
_b
Farm information Unit ,
_c
1986.
300
_a
; .
504
_a
942
_c
BK
999
_c
12929
_d
12929